000
00260nam a2200097Ia 4500
082
_a
J 551.307 JENN
245
0
_a
Landslides and avalanches
100
_a
JENNINGS, Terry London, 2003
_9
93853
942
_c
BK
008
210817s9999 xx 000 0 und d
999
_c
383836
_d
383835